K osobnosti nezaměstnaných

Snaha autorov preniknúť do vnútorného sveta, osobnostných súvislostí, zdrojov a dôsledkov nezamestnanosti. Východiská. Metodika. Základné výsledky. Následky nezamestnanosti u mužov a žien.

Uložené v:
Podrobná bibliografia
Hlavný autor: Mikšík, Oldřich
Ďalší autori: Wagnerová, Eva
Médium: Kapitola
Jazyk:Czech
Predmet:
Tagy: Pridať tag
Žiadne tagy, Buďte prvý, kto otaguje tento záznam!

MARC

LEADER 00000naa a2200000 4500
001 r045659
005 20230426095839.0
041 0 |a cze 
044 |a CZ 
245 1 0 |a K osobnosti nezaměstnaných  |c O. Mikšík, E. Wagnerová 
520 |a Snaha autorov preniknúť do vnútorného sveta, osobnostných súvislostí, zdrojov a dôsledkov nezamestnanosti. Východiská. Metodika. Základné výsledky. Následky nezamestnanosti u mužov a žien. 
610 2 0 |a nezamestnanosť 
610 2 0 |a nezamestnanosť dlhodobá 
610 2 0 |a osobnosť 
610 2 0 |a psychológia 
610 2 0 |a muži 
610 2 0 |a ženy 
610 2 0 |a metodika 
100 1 |a Mikšík, Oldřich 
700 1 |a Wagnerová, Eva